[Event "1. liga V 18/19, Gordic-SM"]
[Site ""]
[Date "2018.12.09"]
[Round "4.2"]
[White "Skalsky, Alexandr"]
[Black "Zwardon, Vojtech"]
[Result "0-1"]
[WhiteElo "2106"]
[BlackElo "2462"]
[PlyCount "0"]
[WhiteTeam "SK Stare Mesto"]
[BlackTeam "SK Gordic"]
[EventDate "2018.10.21"]

1. e4 c5 2. Nf3 Nc6 3. d4 cxd4 4. Nxd4 g6 5. Nc3 Bg7 6.
Be3 Nf6 7. Bc4 O-O 8. Bb3 a5 9. O-O d6 10. Ndb5 Ng4 11. Bg5 a4 12. Nxa4 Ra5 13.
c4 Rxa4 14. Bxa4 Bxb2 15. Rb1 Bg7 16. c5 h6 17. Bh4 g5 18. Bg3 dxc5 19. Qc2 Qa5
20. Bc7 b6 21. a3 Ba6 22. Rfd1 Ra8 23. Nc3 Nd4 24. Rxd4 Bxd4 25. g3 Nxf2 26.
Kg2 Bc4 27. Bb3 Bd3 0-1

[Event "1. liga V 18/19, Gordic-SM"]
[Site ""]
[Date "2018.12.09"]
[Round "4.3"]
[White "Kratochvil, Josef"]
[Black "Husek, Martin"]
[Result "1-0"]
[WhiteElo "2300"]
[BlackElo "2200"]
[PlyCount "0"]
[WhiteTeam "SK Gordic"]
[BlackTeam "SK Stare Mesto"]
[EventDate "2018.10.21"]

1. e4 c5 2. Nf3 Nc6 3. Nc3 e6 4. d4 cxd4 5. Nxd4 Qc7 6.
Be3 a6 7. Be2 b5 8. O-O Bb7 9. a3 Nf6 10. Kh1 Na5 11. Qd3 Rc8 12. f4 Nc4 13.
Bc1 d5 14. exd5 exd5 15. Bf3 Nd6 16. Bd2 Nde4 17. Nf5 g6 18. Ne3 Nxd2 19. Qxd2
Be7 20. Ncxd5 Nxd5 21. Nxd5 Bxd5 22. Bxd5 Qxc2 23. Qe3 Qc5 24. Qb3 O-O 25. f5
Rcd8 26. Bxf7+ Kg7 27. fxg6 hxg6 28. Rae1 Qg5 29. Re6 Rd6 30. Qc3+ Bf6 31.
Rfxf6 Rxf7 32. Rxf7+ Kxf7 33. Rxd6 1-0

[Event "1. liga V 18/19, Gordic-SM"]
[Site ""]
[Date "2018.12.09"]
[Round "4.4"]
[White "Sosna, Jan"]
[Black "Piza, Vlastimil"]
[Result "1-0"]
[WhiteElo "2338"]
[BlackElo "2232"]
[PlyCount "0"]
[WhiteTeam "SK Stare Mesto"]
[BlackTeam "SK Gordic"]
[EventDate "2018.10.21"]

1. d4 Nf6 2. Nf3 d6 3. Nc3 g6 4. e4 Bg7 5. Bc4 c6 6.
Qe2 O-O 7. Bg5 b5 8. Bd3 h6 9. Bh4 b4 10. Nd1 a5 11. a3 bxa3 12. Rxa3 Ba6 13.
O-O Bxd3 14. Qxd3 Na6 15. c3 d5 16. Bxf6 exf6 17. exd5 cxd5 18. Ne3 Nc7 19. b3
Qd7 20. Rfa1 Rfb8 21. Nd2 Qb5 22. c4 Qb6 23. cxd5 f5 24. Ndc4 Qxd4 25. Qxd4
Bxd4 26. Rd1 Nb5 27. Rxa5 Rxa5 28. Nxa5 Nc3 29. Rd3 Rb5 30. Nc6 Rxb3 31. Nxd4
Rb1+ 32. Nf1 Nxd5 33. Nxf5 Nf4 34. Rd8+ Kh7 35. N5e3 Ne2+ 36. Kh1 f5 37. Rd7+
Kg8 38. Rd1 Rb7 39. Rd2 Nc3 40. g3 Ne4 41. Rc2 f4 42. gxf4 Rf7 43. Nd5 g5 44.
Re2 Nc5 45. fxg5 hxg5 46. Kg1 Kg7 47. Ng3 Kg6 48. Ne7+ Kf6 49. Nh5# 1-0

[Event "1. liga V 18/19, Gordic-SM"]
[Site ""]
[Date "2018.12.09"]
[Round "4.5"]
[White "Kulovana, Eva"]
[Black "Bazant, Petr"]
[Result "1-0"]
[WhiteElo "2182"]
[BlackElo "2301"]
[PlyCount "0"]
[WhiteTeam "SK Gordic"]
[BlackTeam "SK Stare Mesto"]
[EventDate "2018.10.21"]

1. e4 e5 2. Nf3 Nc6 3. Bb5 Nge7 4. Nc3 Ng6 5. d4 exd4
6. Nxd4 Bb4 7. O-O O-O 8. Nde2 Nce5 9. a3 Bc5 10. Ng3 d6 11. Be2 a6 12. Kh1 Nc6
13. f4 f5 14. exf5 Nh4 15. Nce4 Bd4 16. c3 Bf6 17. Bg4 Ne7 18. Be3 Kh8 19. Nxf6
gxf6 20. Qd3 Bd7 21. Bd4 c5 22. Bf2 Bc6 23. Bh3 Rg8 24. Rg1 Nd5 25. Ne2 c4 26.
Qd2 Qe8 27. Bxh4 Qh5 28. Bg3 b5 29. Nd4 Bb7 30. Rgf1 Rae8 31. Kg1 Re3 32. Rf3
Re4 33. Re1 Nxf4 34. Rxf4 Rxf4 35. Qxf4 1-0

[Event "1. liga V 18/19, Gordic-SM"]
[Site ""]
[Date "2018.12.09"]
[Round "4.6"]
[White "Dobes, Vojtech"]
[Black "Haba, Zdenek"]
[Result "1/2-1/2"]
[WhiteElo "2213"]
[BlackElo "2163"]
[PlyCount "0"]
[WhiteTeam "SK Stare Mesto"]
[BlackTeam "SK Gordic"]
[EventDate "2018.10.21"]

1. e4 c5 2. Nf3 e6 3. d4 cxd4 4. Nxd4 a6 5. Nc3 Qc7 6.
Bd3 g6 7. O-O Bg7 8. Be3 Nf6 9. f4 d6 10. Qf3 O-O 11. g4 Nc6 12. Nce2 Nxd4 13.
Nxd4 e5 14. fxe5 Nxg4 15. e6 Nxe3 16. exf7+ Rxf7 17. Qxe3 Qc5 18. c3 Be6 19.
Rxf7 Bxf7 20. Nc2 Qh5 21. Qe2 Qxe2 22. Bxe2 d5 23. exd5 Bxd5 24. Ne3 Bc6 25.
Bc4+ Kh8 26. Rd1 Bf8 27. Nc2 Bc5+ 1/2-1/2

[Event "1. liga V 18/19, Gordic-SM"]
[Site ""]
[Date "2018.12.09"]
[Round "4.7"]
[White "Sedlacek, Oldrich"]
[Black "Zpevakova, Jana"]
[Result "0-1"]
[WhiteElo "2219"]
[BlackElo "2046"]
[PlyCount "0"]
[WhiteTeam "SK Gordic"]
[BlackTeam "SK Stare Mesto"]
[EventDate "2018.10.21"]

1. Nf3 d5 2. g3 Nf6 3. Bg2 c5 4. O-O Nc6 5. d4 Bf5 6.
c4 e6 7. Nc3 dxc4 8. Ne5 Rc8 9. Nxc6 bxc6 10. dxc5 Qxd1 11. Rxd1 Bxc5 12. e4
Bg4 13. Re1 e5 14. Be3 Nd7 15. h3 Be6 16. Rad1 Bxe3 17. Rxe3 Nc5 18. f4 f6 19.
f5 Bf7 20. Nb1 Ke7 21. Ra3 Rc7 22. Ra5 Nd7 23. Bf1 Rb8 24. Na3 Rxb2 25. Nxc4
Bxc4 26. Bxc4 Nb6 27. Be6 Re2 28. Rd3 c5 29. Rda3 c4 30. Rxa7 Rxa7 31. Rxa7+
Kd6 32. Rxg7 c3 33. Bb3 Rb2 0-1

[Event "1. liga V 18/19, Gordic-SM"]
[Site ""]
[Date "2018.12.09"]
[Round "4.8"]
[White "Bazant, Petr"]
[Black "Zigo, Viktor"]
[Result "1-0"]
[WhiteElo "2234"]
[BlackElo "2264"]
[PlyCount "0"]
[WhiteTeam "SK Stare Mesto"]
[BlackTeam "SK Gordic"]
[EventDate "2018.10.21"]

1. d4 Nf6 2. c4 e6 3. g3 Be7 4. Bg2 d5 5. Nf3 O-O 6.
O-O Nbd7 7. Nc3 c6 8. Bf4 a6 9. b3 Qa5 10. Qc2 b5 11. c5 Nh5 12. e4 Nxf4 13.
gxf4 dxe4 14. Nxe4 Qc7 15. Ne5 Bb7 16. Rfe1 Nf6 17. Ng3 g6 18. Rad1 Rad8 19. h4
Nd5 20. Bxd5 Rxd5 21. h5 Bh4 22. hxg6 fxg6 23. Qe4 Bc8 24. Kg2 Bf6 25. Rh1 a5
26. a3 b4 27. axb4 axb4 28. Ra1 Rfd8 29. Ne2 Bg7 30. Ra4 Rf8 31. Rha1 g5 32.
Ra7 Bb7 33. Rh1 Rf5 34. Ng3 Bxe5 35. Nxf5 exf5 36. Qxf5 Bxf4 37. Qe6+ Kg7 38.
Qh6+ Kg8 39. Qe6+ Kg7 40. Qh6+ Kg8 41. Re1 Rd8 42. Qe6+ Kg7 43. Qe7+ Qxe7 44.
Rxe7+ Kf6 45. Raxb7 Rxd4 46. Rxh7 Ke6 47. Rh6+ Kd5 48. Rd7+ Kxc5 49. Rxc6+ Kxc6
50. Rxd4 Kc5 51. Rc4+ Kb5 52. Kf3 Bd2 53. Kg4 Be1 54. f3 Bd2 55. Kf5 Be3 56.
Ke4 Bd2 57. Kd5 Be3 58. Rc8 Bf4 59. Rc5+ Kb6 60. Kc4 1-0

[Event "1. liga V 18/19, RnK-Ostrava"]
[Site ""]
[Date "2018.12.09"]
[Round "4.1"]
[White "Sabuk, Piotr"]
[Black "Caletka, Radomir"]
[Result "1-0"]
[WhiteElo "2391"]
[BlackElo "2285"]
[PlyCount "0"]
[WhiteTeam "Panda Rychnov n. K."]
[BlackTeam "TJ Ostrava"]
[EventDate "2018.10.21"]

1. Nf3 Nf6 2. c4 c5 3. Nc3 e6 4. e3 Nc6 5. d4 d5 6. cxd5 Nxd5 7. Bc4 Nxc3 8.
bxc3 Be7 9. O-O O-O 10. e4 b6 11. Bb2 Bb7 12. Qe2 Qc7 13. d5 Nd8 14. Bb3 exd5
15. exd5 Bf6 16. Rad1 Qd7 17. Rfe1 b5 18. c4 Bxb2 19. Qxb2 Ba6 20. cxb5 Bxb5
21. Bc2 Ba6 22. Qa3 Qd6 23. Ng5 f5 24. Bb3 Rc8 25. h4 Bb5 26. Qxa7 c4 27. Re7
Qf6 28. Bc2 h6 29. Bxf5 Ra8 30. Ne4 Rxa7 31. Nxf6+ Rxf6 32. Rxa7 Rxf5 33. Ra8
Rf8 34. Rb1 Bd7 35. Rbb8 Kf7 36. Rxd8 Rxd8 37. Rxd8 Ke7 38. Rxd7+ 1-0

[Event "1. liga V 18/19, RnK-Ostrava"]
[Site ""]
[Date "2018.12.09"]
[Round "4.2"]
[White "Klima, Lukas"]
[Black "Kozusek, Daniel"]
[Result "1/2-1/2"]
[WhiteElo "2329"]
[BlackElo "2359"]
[PlyCount "0"]
[WhiteTeam "TJ Ostrava"]
[BlackTeam "Panda Rychnov n. K."]
[EventDate "2018.10.21"]

1. e4 e6 2. d4 d5 3. Nc3 Bb4 4. a3 Ba5 5. b4 Bb6 6. Be3 a5 7. b5 a4 8. Nf3 Ba5
9. Bd2 Nf6 10. e5 Nfd7 11. Bd3 c5 12. bxc6 bxc6 13. O-O Ba6 14. Nxa4 Bxd3 15.
cxd3 Bxd2 16. Nxd2 Qa5 17. Nc5 Nxc5 18. dxc5 Qc3 19. Nf3 Rxa3 20. Rb1 O-O 21.
d4 Ra7 22. Rb3 Qa5 23. Qb1 Nd7 24. Ng5 g6 25. h4 Rfa8 26. h5 Qd2 27. hxg6 hxg6
28. Nf3 Qh6 29. Rb7 Kg7 30. Rxa7 Rh8 31. Nh4 Qxh4 32. f4 Qh2+ 33. Kf2 Qxf4+ 34.
Ke2 Qg4+ 35. Kd3 Qxg2 36. Rxf7+ Kxf7 37. Rxd7+ Ke8 38. Qb8+ Kxd7 39. Qd6+ Ke8
40. Qxe6+ Kf8 41. Qf6+ 1/2-1/2

[Event "1. liga V 18/19, RnK-Ostrava"]
[Site ""]
[Date "2018.12.09"]
[Round "4.3"]
[White "Zeberski, Jakub"]
[Black "Malik, Jan"]
[Result "1-0"]
[WhiteElo "2340"]
[BlackElo "2314"]
[PlyCount "0"]
[WhiteTeam "Panda Rychnov n. K."]
[BlackTeam "TJ Ostrava"]
[EventDate "2018.10.21"]

1. e4 c5 2. Nf3 d6 3. d4 cxd4 4. Nxd4 Nf6 5. Nc3 a6 6. Be2 e5 7. Nb3 Be7 8. Bg5
Be6 9. Bxf6 Bxf6 10. Qd3 Nc6 11. O-O-O Be7 12. a3 O-O 13. Nd5 Rc8 14. Kb1 Bxd5
15. Qxd5 b5 16. c4 bxc4 17. Bxc4 Qb6 18. Rd3 Bf6 19. Rc1 Qxf2 20. Bxa6 Ne7 21.
Qxd6 Rxc1+ 22. Nxc1 Qxg2 23. Bb7 Nf5 24. Qa6 Nd4 25. Nb3 Qxh2 26. Ka2 h5 27.
Nc5 Rd8 28. Bd5 Be7 29. Nb7 Rf8 30. Qc4 Qe2 31. Rxd4 Qxc4+ 32. Rxc4 g5 33. Rc7
Re8 34. Bc6 Bd8 35. Rc8 Rf8 36. Nxd8 g4 37. Bd7 Kg7 38. a4 Kf6 39. a5 1-0

[Event "1. liga V 18/19, RnK-Ostrava"]
[Site ""]
[Date "2018.12.09"]
[Round "4.4"]
[White "Michenka, Jozef"]
[Black "Fiedorek, Michal"]
[Result "1/2-1/2"]
[WhiteElo "2274"]
[BlackElo "2178"]
[PlyCount "0"]
[WhiteTeam "TJ Ostrava"]
[BlackTeam "Panda Rychnov n. K."]
[EventDate "2018.10.21"]

1. d4 Nf6 2. c4 g6 3. Nc3 Bg7 4. e4 d6 5. Nf3 O-O 6. h3 e5 7. d5 a5 8. Be2 Na6
9. O-O Nc5 10. Qc2 Nh5 11. Bg5 f6 12. Be3 b6 13. Qd2 Qe8 14. Rfe1 f5 15. exf5
gxf5 16. Nb5 Na6 17. Bg5 Qf7 18. Qd1 Nf6 19. Nc3 Ne4 20. Bd2 Nxd2 21. Nxd2 Qf6
22. Nf1 e4 23. f4 Qh4 24. Qd2 Bh6 25. g3 Qxh3 26. Nd1 Bg7 27. Nf2 Qh6 28. Rab1
Qg6 29. Nh3 Bd7 30. Kh2 Bf6 31. Ne3 Kh8 32. Rg1 Bg7 33. Rg2 Qf6 34. Bf1 Rae8
35. Ng5 Nc5 36. Kh1 Bh6 37. Nh3 Bg7 38. Ng5 Bh6 39. Nh3 Bg7 40. Ng5 Qd4 41. Rd1
Qxd2 1/2-1/2

[Event "1. liga V 18/19, RnK-Ostrava"]
[Site ""]
[Date "2018.12.09"]
[Round "4.5"]
[White "Machlowski, Slawomir"]
[Black "Mrva, Marek"]
[Result "1-0"]
[WhiteElo "2100"]
[BlackElo "2115"]
[PlyCount "0"]
[WhiteTeam "Panda Rychnov n. K."]
[BlackTeam "TJ Ostrava"]
[EventDate "2018.10.21"]

1. g3 e5 2. c4 c5 3. Bg2 Nc6 4. Nc3 d6 5. e3 g6 6. Nge2 Bg7 7. Nd5 Nge7 8. Nec3
O-O 9. O-O Be6 10. a3 a5 11. d3 Rb8 12. Rb1 Qd7 13. Re1 b6 14. Bd2 Bh3 15. Bh1
Kh8 16. b4 axb4 17. axb4 f5 18. Qa4 Qe6 19. bxc5 dxc5 20. Nxe7 Nxe7 21. Qa7 g5
22. d4 cxd4 23. exd4 Ng6 24. Nd5 e4 25. Bc3 Rfd8 26. Nxb6 Qe8 27. Qa1 Rb7 28.
c5 Nf4 29. Re3 Qh5 30. gxf4 gxf4 31. Rxh3 Qxh3 32. Bg2 Qg4 33. h3 Qg6 34. Kh2
f3 35. Bh1 Rg8 36. Rg1 Qc6 37. Nc4 Qe6 38. Nd6 Rd7 39. d5 Qxd5 40. Bxg7+ Rgxg7
41. Rxg7 Rxg7 42. Ne8 Qd7 43. Qxg7+ 1-0

[Event "1. liga V 18/19, RnK-Ostrava"]
[Site ""]
[Date "2018.12.09"]
[Round "4.6"]
[White "Splichal, Stanislav"]
[Black "Kacirek, Petr"]
[Result "0-1"]
[WhiteElo "2162"]
[BlackElo "2260"]
[PlyCount "0"]
[WhiteTeam "TJ Ostrava"]
[BlackTeam "Panda Rychnov n. K."]
[EventDate "2018.10.21"]

1. Nf3 d5 2. d4 c6 3. c4 e6 4. Qc2 f5 5. g3 Bd6 6. Bg2 Nf6 7. O-O O-O 8. Nc3
Ne4 9. Rb1 b6 10. b4 a5 11. b5 Bb7 12. bxc6 Nxc6 13. a3 Ne7 14. Na4 Ba6 15.
Nxb6 Bxc4 16. Nxa8 Qxa8 17. Re1 Nc6 18. Bb2 Rc8 19. Rbc1 Qa6 20. Bf1 Rc7 21.
Qa4 Rb7 22. Ba1 Rb3 23. e3 Rxa3 24. Bxc4 dxc4 25. Qxc4 Qxc4 26. Rxc4 Nb4 27. d5
Nxd5 28. Rb1 Bb4 29. Bd4 Ra2 30. Rb2 Ra1+ 31. Kg2 Rd1 32. Ne5 Kf8 33. Rc8+ Ke7
34. Rg8 g5 35. Rg7+ Ke8 36. Nc6 g4 37. Nxa5 Nd2 38. Rxd2 Bxd2 39. Nc4 Bc3 40.
Rg8+ Kf7 41. Rg7+ Kf8 42. Bxc3 Nxc3 43. Rxh7 Ne4 44. f3 gxf3+ 45. Kxf3 Rc1 46.
Kf4 Rxc4 47. Ke5 Ra4 48. Rc7 Ra6 49. g4 Ng5 50. h3 fxg4 51. hxg4 Nf7+ 52. Kf6
e5+ 53. Kf5 Kg7 54. g5 Rg6 55. Ra7 Rxg5+ 56. Ke4 Rg6 57. Ra8 Re6 58. Ra1 Rb6
59. Rf1 Rb5 60. Kd3 Nd6 61. Kc3 Rd5 0-1

[Event "1. liga V 18/19, RnK-Ostrava"]
[Site ""]
[Date "2018.12.09"]
[Round "4.7"]
[White "Horak, Jan"]
[Black "Hladik, Oto"]
[Result "1/2-1/2"]
[WhiteElo "2001"]
[BlackElo "2155"]
[PlyCount "0"]
[WhiteTeam "Panda Rychnov n. K."]
[BlackTeam "TJ Ostrava"]
[EventDate "2018.10.21"]

1. e4 c5 2. Nc3 Nc6 3. g3 g6 4. Bg2 Bg7 5. f4 d6 6. Nf3 e6 7. O-O Nge7 8. d3
O-O 9. Ne2 Rb8 10. c3 b5 11. Be3 b4 12. Qc2 Qa5 13. Nd2 Ba6 14. Nb3 Qa4 15. c4
Rfd8 16. Rac1 Bb7 17. Qb1 Na5 18. Nd2 Qd7 19. Nf3 Nac6 20. Rfd1 Ba8 21. b3 a6
22. d4 cxd4 23. Nfxd4 Nxd4 24. Nxd4 Nc6 25. Ne2 Qe7 26. Bf2 a5 27. Rd3 e5 28.
Rcd1 f5 29. R3d2 fxe4 30. Bxe4 Kh8 31. Bd5 exf4 32. Nxf4 Ne5 33. Re2 Bxd5 34.
cxd5 Rf8 35. Ne6 1/2-1/2

[Event "1. liga V 18/19, RnK-Ostrava"]
[Site ""]
[Date "2018.12.09"]
[Round "4.8"]
[White "Vesely, Martin"]
[Black "Cermak, Miroslav"]
[Result "1-0"]
[WhiteElo "2086"]
[BlackElo "1868"]
[PlyCount "0"]
[WhiteTeam "TJ Ostrava"]
[BlackTeam "Panda Rychnov n. K."]
[EventDate "2018.10.21"]

1. d4 b6 2. e4 e6 3. Nf3 Bb7 4. Bd3 Nf6 5. e5 Nd5 6. a3 c5 7. c4 Nc7 8. Be3
cxd4 9. Bxd4 Nc6 10. Bc3 a5 11. O-O Be7 12. Qe2 O-O 13. Nbd2 f5 14. exf6 Bxf6
15. Bxf6 gxf6 16. Rad1 Ne7 17. Nd4 Ng6 18. Qh5 Rf7 19. Be4 Bxe4 20. Nxe4 Rg7
21. Qh6 Qe7 22. f4 f5 23. Ng5 Rf8 24. g3 Rf6 25. Qh5 h6 26. Nh3 Nf8 27. Nf2 Ne8
28. Nb5 Rfg6 29. Rfe1 Qf7 30. Qf3 h5 31. Kh1 Nf6 32. Nd6 Qe7 33. Nxf5 Qf7 34.
Nxg7 Qxg7 35. Qe3 d5 36. Qxb6 dxc4 37. Qxa5 Qb7+ 38. Kg1 h4 39. Qc3 hxg3 40.
hxg3 Nh5 41. Ne4 Nxf4 42. Rd2 Nd7 43. Rh2 e5 44. Qxc4+ Kg7 45. Rc1 Qb6+ 46. Kf1
Qe3 47. Rf2 Rxg3 48. Nxg3 Qxg3 49. Rc3 Qg4 50. Qb3 Qh4 51. Rg3+ Kf6 52. Qf3 Nc5
53. Rg4 Qh6 54. Rxf4+ 1-0

[Event "1. liga V 18/19, BSS-Litovel"]
[Site ""]
[Date "2018.12.09"]
[Round "4.1"]
[White "Jasny, Stanislav"]
[Black "Belunek, Vladimir"]
[Result "1/2-1/2"]
[WhiteElo "2371"]
[BlackElo "2208"]
[PlyCount "0"]
[WhiteTeam "BSS Frydek-Mistek "B""]
[BlackTeam "TJ Tatran Litovel"]
[EventDate "2018.10.21"]

1. e4 e5 2. Nf3 Nc6 3. Bb5 a6 4. Ba4 Nf6 5. O-O Be7 6. Re1 b5 7. Bb3 d6 8. c3
O-O 9. h3 Na5 10. Bc2 c5 11. d4 Qc7 12. Nbd2 Bd7 13. Nf1 Rfc8 14. Ne3 cxd4 15.
cxd4 Bf8 16. Bd2 Nc6 17. dxe5 Nxe5 18. Bc3 Bc6 19. Nd5 Bxd5 20. exd5 Nxf3+ 21.
Qxf3 b4 22. Bxf6 Qxc2 23. Bd4 Qc4 24. Red1 a5 25. b3 Qc2 26. a4 bxa3 27. Rxa3
Rcb8 28. Qd3 Qxd3 29. Rxd3 Rb5 30. Bc3 g6 31. Bd2 Bg7 32. Ra4 Be5 33. b4 g5 34.
g3 h6 35. bxa5 Ra6 36. Rc4 Rc5 37. Rb4 Kg7 38. Rb7 Kg6 39. Kg2 Rc2 40. Kf3 h5
41. g4 f5 42. gxf5+ Kxf5 43. Rf7+ Kg6 44. Rf8 Bf6 45. Be1 Rc4 46. Rb3 Rc5 47.
Rb6 Rxb6 48. axb6 Rb5 49. Rb8 Bd4 50. b7 Ba7 51. Rd8 Rxb7 52. Rxd6+ Kf5 53. Rd8
Rb3+ 54. Kg2 Rd3 55. d6 Bc5 56. d7 Be7 1/2-1/2

[Event "1. liga V 18/19, BSS-Litovel"]
[Site ""]
[Date "2018.12.09"]
[Round "4.2"]
[White "Vanek, Ladislav"]
[Black "Vesselovsky, Serguei"]
[Result "1/2-1/2"]
[WhiteElo "2237"]
[BlackElo "2332"]
[PlyCount "0"]
[WhiteTeam "TJ Tatran Litovel"]
[BlackTeam "BSS Frydek-Mistek "B""]
[EventDate "2018.10.21"]

1. d4 Nf6 2. c4 e6 3. Nc3 Bb4 4. Qc2 O-O 5. a3 Bxc3+ 6. Qxc3 d6 7. Bg5 Nbd7 8.
e3 b6 9. Bd3 Bb7 10. f3 c5 11. Ne2 Rc8 12. Qb3 h6 13. Bh4 d5 14. O-O Ba6 15.
Qa4 cxd4 16. Bxf6 Nc5 17. Bxd8 Nxa4 18. Be7 Rfe8 19. Bb4 Nxb2 20. Bb1 dxe3 21.
Re1 Nxc4 22. Bd3 Bb7 1/2-1/2

[Event "1. liga V 18/19, BSS-Litovel"]
[Site ""]
[Date "2018.12.09"]
[Round "4.3"]
[White "Rabatin, Jakub"]
[Black "Strasil, Pavel"]
[Result "1-0"]
[WhiteElo "2313"]
[BlackElo "2030"]
[PlyCount "0"]
[WhiteTeam "BSS Frydek-Mistek "B""]
[BlackTeam "TJ Tatran Litovel"]
[EventDate "2018.10.21"]

1. c4 Nf6 2. Nc3 g6 3. g3 Bg7 4. Bg2 d6 5. Nf3 O-O 6. d4 Nbd7 7. O-O c6 8. e4
e5 9. h3 Re8 10. Re1 Qc7 11. Be3 a6 12. a3 exd4 13. Nxd4 Nc5 14. Qc2 Ne6 15.
Nde2 a5 16. Rad1 Bf8 17. f4 Nd7 18. b3 Nec5 19. Nc1 b6 20. b4 Ne6 21. Qb3 axb4
22. axb4 Bb7 23. N1e2 Ng7 24. Bf2 Kh8 25. b5 Nc5 26. Bxc5 bxc5 27. b6 Qc8 28.
Ra1 Rxa1 29. Rxa1 Ne6 30. Rd1 Ng7 31. Qb2 Qe6 32. e5 f5 33. Na4 Kg8 34. Nec3
dxe5 35. fxe5 Qxe5 36. Qf2 Nh5 37. Rd7 Bc8 38. Rd3 f4 39. g4 Ng3 40. Bxc6 Re7
41. Rd8 Bb7 42. Bxb7 Rxb7 43. Rxf8+ Kxf8 44. Qxc5+ Qe7 45. Nd5 Ne2+ 46. Kf2 1-0

[Event "1. liga V 18/19, BSS-Litovel"]
[Site ""]
[Date "2018.12.09"]
[Round "4.4"]
[White "Mohapl, Petr"]
[Black "Stepan, Patrik"]
[Result "0-1"]
[WhiteElo "2061"]
[BlackElo "2241"]
[PlyCount "0"]
[WhiteTeam "TJ Tatran Litovel"]
[BlackTeam "BSS Frydek-Mistek "B""]
[EventDate "2018.10.21"]

1. d4 Nf6 2. c4 e6 3. Nc3 Bb4 4. e3 O-O 5. Nf3 b6 6. Bd3 Bb7 7. O-O d6 8. Qc2
Nbd7 9. e4 Bxc3 10. bxc3 e5 11. Nh4 Re8 12. d5 Nxe4 13. Nf5 Nec5 14. Be2 Bc8
15. h4 Nf6 16. Ng3 Ng4 17. Bg5 f6 18. Bc1 e4 19. Qd1 Ne5 20. Qd4 f5 21. Bg5 Qd7
22. f3 exf3 23. Bxf3 h6 24. Bd2 Rf8 25. Be2 Qa4 26. Bf4 Ng6 27. Nh5 Qd7 28.
Rae1 Qf7 29. Bd1 Bd7 30. Re3 Rae8 31. Rg3 Ne4 32. Rff3 Nxg3 33. Rxg3 Re4 34.
Qd2 Kh7 35. Bc2 Rxc4 36. Bd3 Ra4 37. c4 Rg8 38. Qb2 Nxf4 39. Nxf4 Qf6 40. Qc2
Qd4+ 0-1

[Event "1. liga V 18/19, BSS-Litovel"]
[Site ""]
[Date "2018.12.09"]
[Round "4.5"]
[White "Kozel, Jiri"]
[Black "Krejci, Jan"]
[Result "1/2-1/2"]
[WhiteElo "2102"]
[BlackElo "2095"]
[PlyCount "0"]
[WhiteTeam "BSS Frydek-Mistek "B""]
[BlackTeam "TJ Tatran Litovel"]
[EventDate "2018.10.21"]

1. e4 e5 2. Nf3 Nf6 3. Nxe5 d6 4. Nf3 Nxe4 5. Nc3 Nxc3 6. dxc3 Be7 7. Bd3 Nc6
8. h4 Bg4 9. Bf4 Qd7 10. Qe2 Qe6 11. Qxe6 fxe6 12. Nd4 e5 13. Nxc6 bxc6 14. Be3
1/2-1/2

[Event "1. liga V 18/19, BSS-Litovel"]
[Site ""]
[Date "2018.12.09"]
[Round "4.6"]
[White "Svancara, Petr"]
[Black "Mica, Marek"]
[Result "0-1"]
[WhiteElo "2171"]
[BlackElo "2082"]
[PlyCount "0"]
[WhiteTeam "TJ Tatran Litovel"]
[BlackTeam "BSS Frydek-Mistek "B""]
[EventDate "2018.10.21"]

1. c4 Nf6 2. Nc3 e5 3. g3 d5 4. cxd5 Nxd5 5. Bg2 Nb6 6. Nf3 Nc6 7. d3 Be7 8.
O-O O-O 9. Be3 Re8 10. Rc1 Bf8 11. a3 Nd4 12. Nd2 c6 13. Nc4 Be6 14. Ne4 Qc7
15. Bxd4 exd4 16. Nxb6 axb6 17. f4 Ra5 18. h3 Qd7 19. Ng5 Bd5 20. Bxd5 Rxd5 21.
g4 Re3 22. Rf3 Qe7 23. Qf1 Rxe2 24. Ne4 Rxb2 25. f5 Qxa3 26. g5 Rdb5 27. Re1
Qa2 28. f6 g6 29. h4 Rb1 30. Rf2 Rxe1 31. Qxe1 Qb1 32. Qxb1 Rxb1+ 33. Kg2 Ra1
34. Kf3 Ra3 35. Rd2 b5 36. Nf2 h5 37. gxh6 Bxh6 38. Re2 Be3 39. Ng4 b4 40. Ne5
b3 41. Rb2 Bc1 42. Rb1 b2 0-1

[Event "1. liga V 18/19, BSS-Litovel"]
[Site ""]
[Date "2018.12.09"]
[Round "4.7"]
[White "Gnojek, Petr"]
[Black "Gerych, Jan"]
[Result "1/2-1/2"]
[WhiteElo "2029"]
[BlackElo "1994"]
[PlyCount "0"]
[WhiteTeam "BSS Frydek-Mistek "B""]
[BlackTeam "TJ Tatran Litovel"]
[EventDate "2018.10.21"]

1. d4 Nf6 2. c4 e6 3. Nf3 b6 4. e3 Bb7 5. Bd3 c5 6. Nc3 cxd4 7. exd4 Be7 8. O-O
O-O 9. d5 exd5 10. cxd5 d6 11. Re1 Nbd7 12. Bf4 Nc5 13. Bc2 a5 14. Nd4 Re8 15.
Nf5 Bc8 16. Nxe7+ Rxe7 17. Qd2 Ba6 18. Bg5 Rxe1+ 19. Rxe1 h6 20. Bh4 Kf8 21.
Re3 Ncd7 22. Bg3 Qc7 23. Qd4 Re8 24. Rxe8+ Kxe8 25. Ba4 Kf8 26. h3 Ne5 27. Bb5
Bb7 28. Be2 Qc5 29. Bxe5 dxe5 30. Qxe5 Bxd5 31. Nxd5 Nxd5 1/2-1/2

[Event "1. liga V 18/19, BSS-Litovel"]
[Site ""]
[Date "2018.12.09"]
[Round "4.8"]
[White "Pavlik, Petr"]
[Black "Vantuch, Lucian"]
[Result "1-0"]
[WhiteElo "1940"]
[BlackElo "1949"]
[PlyCount "0"]
[WhiteTeam "TJ Tatran Litovel"]
[BlackTeam "BSS Frydek-Mistek "B""]
[EventDate "2018.10.21"]

1. d4 Nf6 2. Nf3 e6 3. c4 Bb4+ 4. Bd2 c5 5. e3 b6 6. g3 Bb7 7. Bg2 O-O 8. O-O
d6 9. Nc3 Qe7 10. a3 Bxc3 11. Bxc3 Nbd7 12. b3 a5 13. Rc1 Rfc8 14. Nd2 Bxg2 15.
Kxg2 d5 16. Re1 cxd4 17. exd4 dxc4 18. Nxc4 b5 19. Ne5 Qxa3 20. Nxd7 Nxd7 21.
Ra1 Qd6 22. Bxa5 b4 23. Qh5 Ra6 24. Ra4 Qxd4 25. Rxb4 Qc3 26. Rc4 Qxa5 27.
Rxc8+ Nf8 28. Qxa5 Rxa5 29. Rd1 Rd5 30. Rxd5 exd5 31. Kf3 f6 32. Ke3 Kf7 33.
Rxf8+ Kxf8 34. Kd4 Ke7 35. Kxd5 Kd7 36. b4 g6 37. f4 Ke7 38. Kc6 Kd8 39. Kb7 g5
40. b5 gxf4 41. gxf4 1-0

[Event "1. liga V 18/19, Trinec-Kromeriz"]
[Site ""]
[Date "2018.12.09"]
[Round "4.1"]
[White "Langner, Ladislav"]
[Black "Malinovsky, Karel"]
[Result "0-1"]
[WhiteElo "2393"]
[BlackElo "2459"]
[PlyCount "0"]
[WhiteTeam "TZ Trinec"]
[BlackTeam "Slavia Kromeriz"]
[EventDate "2018.10.21"]

1. c4 Nf6 2. Nc3 e6 3. e4 d5 4. exd5 exd5 5. cxd5 Nxd5 6. d4 Bb4 7. Bd2 O-O 8.
Be2 Qd6 9. Bf3 Nf6 10. Nge2 Nc6 11. a3 Bxc3 12. bxc3 Bg4 13. Bxg4 Nxg4 14. Bf4
Qd7 15. O-O Nf6 16. c4 Rad8 17. d5 Na5 18. Rc1 b6 19. Nd4 Ne4 20. Qd3 Rfe8 21.
Nb5 c6 22. Nc7 Re7 23. Rfd1 Nb7 24. dxc6 Qxd3 25. Rxd3 Rxd3 26. Nd5 Rxd5 27.
cxd5 Nbd6 28. c7 Nc8 29. d6 Rd7 30. Re1 f5 31. g4 Nexd6 32. Bxd6 Nxd6 33. Rd1
Rxc7 34. Rxd6 fxg4 35. Rd4 h5 36. Kg2 Rc3 37. a4 Ra3 38. Rf4 Kh7 39. Rd4 Kg6
40. Re4 Kf5 41. Rb4 g5 42. Rb5+ Kf6 43. Rb4 Ke6 44. Rd4 a5 45. Re4+ 0-1

[Event "1. liga V 18/19, Trinec-Kromeriz"]
[Site ""]
[Date "2018.12.09"]
[Round "4.2"]
[White "Cvek, Robert"]
[Black "Szotkowski, Jakub"]
[Result "1-0"]
[WhiteElo "2520"]
[BlackElo "2357"]
[PlyCount "0"]
[WhiteTeam "Slavia Kromeriz"]
[BlackTeam "TZ Trinec"]
[EventDate "2018.10.21"]

1. Nf3 c5 2. c4 b6 3. g3 Bb7 4. Bg2 Nc6 5. O-O Nf6 6. b3 e6 7. Bb2 Be7 8. Nc3
O-O 9. d4 Nxd4 10. Nxd4 Bxg2 11. Kxg2 cxd4 12. Qxd4 Qc7 13. Rfd1 Rfd8 14. Qe3
Qb7+ 15. Qf3 Qxf3+ 16. Kxf3 d5 17. cxd5 Nxd5 18. Nxd5 Rxd5 19. Rxd5 exd5 20.
Rd1 Rd8 21. Bd4 f6 22. Rc1 Rd7 23. Rc8+ Kf7 24. Ke3 Ke6 25. Rh8 h6 26. Rg8 Bd8
27. g4 Kf7 28. Rh8 Bc7 29. h4 Rd8 30. Rxd8 Bxd8 31. h5 Ke6 32. f4 Bc7 33. Kf3
Bd6 34. e4 dxe4+ 35. Kxe4 Ba3 36. g5 hxg5 37. fxg5 Bc1 38. gxf6 gxf6 39. b4 f5+
40. Kf3 Bh6 41. Be3 Bf8 42. b5 Kd5 43. Bg5 Ke6 44. Bf4 Kf6 45. Ke3 Ke6 46. Bb8
Bc5+ 47. Kf3 1-0